Sobre el método marxista.
Bewaard in:
| Hoofdauteur: | |
|---|---|
| Andere auteurs: | |
| Formaat: | Boek |
| Taal: | Spaans |
| Reeks: | (Teoría y praxis)
|
| Onderwerpen: | |
| Tags: |
Geen labels, Wees de eerste die dit record labelt!
|
MARC
| LEADER | 00000cam^a2200000uu^4500 | ||
|---|---|---|---|
| 001 | 000477691 | ||
| 005 | 20250521000000.0 | ||
| 008 | 050901s1973^^^^^^^^^^^^rd^r^^000^0^spa^d | ||
| 009 | 20260526150325.892 | ||
| 035 | |a FCE 000020668 | ||
| 035 | |a FCE 030946 | ||
| 037 | |a Acervo ITESO - Biblioteca | ||
| 041 | |a spa | ||
| 082 | 0 | 4 | |a 335.41 |b LOWs |
| 100 | |a Lowy, Michael, |e [et al.] |e (autor) | ||
| 245 | 1 | 0 | |a Sobre el método marxista. |
| 264 | |a México : |b Grijalbo, |c 1973. | ||
| 300 | |a 226 p. | ||
| 336 | |a texto |b txt |2 rdacontenido | ||
| 337 | |a sin mediación |b n |2 rdamedio | ||
| 338 | |a volumen |b nc |2 rdasoporte | ||
| 440 | 0 | |a (Teoría y praxis) | |
| 596 | |a Traducción de: Critiques de l'Économie politique no.9 : sur la methode | ||
| 649 | |a XX | ||
| 650 | |a Capitalismo | ||
| 650 | |a Clase social | ||
| 650 | |a Crítica | ||
| 650 | |a Marxismo | ||
| 650 | |a Política económica | ||
| 700 | |a Castro, Carlos Antonio, |e tr |e (autor) | ||
| 910 | |a Fondo Centro de Estudios Educativos | ||
| 920 | |a Impresos - Libros | ||
| 930 | |a Fondos Especiales | ||
| 905 | |a 133 | ||
| 901 | |a ALE030946 |b IT2 |c CEE |u 20250521 | ||
| 902 | |a https://opac.biblio.iteso.mx/vufind/Record/000477691 | ||